000 01208nam a2200289 a 4500
999 _c1577
_d1577
001 1603792
003 CoMeUDC
005 20220803115240.0
008 181023s2018 sp gr 000 0 spa d
020 _a9789587717426
040 _aCO-BoBLA
_bspa
_cCO-UdeC
082 0 4 _a303.483
_bD352
100 _aDelgado, Alberto
_92124
245 1 3 _aLa sociedad hiperdigital :
_blas 10 fuerzas que cambiarán nuestras vidas /
_cAlberto Delgado.
260 _aBogotá :
_bECOE ediciones,
_c2019.
300 _a244 p. ;
_c21 cm.
504 _aIncluye referencias bibliográficas.
505 _aLa sociedad hiperdigital -- La hipercognificación -- La hiperinformación -- La hipervirtualización -- La hiperinstantaneidad -- La hipercolaboración -- La hiperplataforma -- La hiperorganización -- La hiperautomatización -- La hiperdescentralización -- El hiperindividuo -- ¿Hacia dónde vamos?
546 _aEspañol.
650 0 _aSociedad de la Información
_9101
650 0 _aAutomatización
_x Efectos laborales.
_92125
650 4 _aSociedad digital.
650 4 _aInternet
_x Uso.
650 4 _aSociedad del conocimiento.
650 0 _aDigitalización de la información
_92126
942 _2ddc
_cBK